000 00550nam a2200181Ia 4500
003 GCL
008 140319s9999 xx 000 0 ara d
040 _aGCL /
_cGCL
082 0 4 _a818.03
_bم ش
100 1 _aمحمود تيمور
245 1 0 _aشفاء الروح /
_cمحمود تيمور
300 _a162 ص
490 _a
650 0 4 _aالشعر العربى - العصر الحديث
650 0 4 _aالادب العربى - العصر الحديث
650 0 4 _aالادب العربى - مقالات ومحاضرات
942 _2ddc
_cBK
999 _c39928
_d39928